| 000 | 00967cam a2200241 a 4500 | ||
|---|---|---|---|
| 005 | 20160624155102.0 | ||
| 008 | 010905s1996 ck r 00010 spa d | ||
| 040 |
_ala _cla _dCO-BoIAVH |
||
| 041 | 0 | _aspa | |
| 044 | _ack | ||
| 082 | 0 | 4 |
_a333.91 _bC71m |
| 110 | 1 |
_aColombia. _bMinisterio del Medio Ambiente. |
|
| 245 | 1 | 0 |
_aMemoria técnica de la estrategia nacional del agua : _breflexiones sobre los requerimientos para la administración de la oferta hídrica nacional / _cMinisterio del Medio Ambiente. |
| 260 |
_aBogotá : _bEditorial Gente Nueva, _c1996. |
||
| 300 |
_a150 páginas : _bilustraciones ; _c28 x 21 cm. |
||
| 504 | _aIncluye referencias bibliográficas. | ||
| 650 | 1 | 6 |
_aAgua _zColombia. |
| 650 | 2 | 6 |
_aRecursos hídricos _zColombia. |
| 650 | 2 | 6 |
_aUso del agua _zColombia. |
| 650 | 2 | 6 |
_aGestión ambiental _xComunicación _zColombia |
| 650 | 2 | 6 |
_aConservación de aguas _zColombia. |
| 942 |
_2ddc _cLIBRO |
||
| 999 |
_c593 _d593 |
||